000 00497nam a2200169Ia 4500
008 240729s9999 xx 000 0 und d
022 _a2314-5226
245 0 _aAssiut Veterinary Medical Journal
260 _aEgypt
260 _bFull contents: Assiut University, Faculty of Veterinaty Medicine
650 _a Animal culture
650 _a Veterinary medicine
650 _aAgriculture
856 _uhttps://doaj.org/toc/b5055e6ae8844ae2813ced1f6f871a4a
942 _2ddc
942 _cDOAJEJ
999 _c68144
_d68144
945 _a1
_bMadushi Gamage
_c1
_dMadushi Gamage